Statistics for Every New Football League Club Since WWII

Click here to take the quiz!

General Stats

  • This quiz has been taken 362 times
    (100 since last reset)
  • The average score is 20 of 36

Answer Stats

Year joinedClub% Correct
2011AFC Wimbledon
86%
2017Forest Green Rovers
81%
2004Milton Keynes Dons
81%
1977Wimbledon
75%
2024Bromley
74%
2021Sutton United
72%
2013Newport County
71%
2019Salford City
71%
1962Oxford United
66%
2011Crawley Town
65%
2020Harrogate Town
61%
2003Yeovil Town
61%
2012Fleetwood Town
59%
2006Accrington Stanley
58%
1991Barnet
57%
2009Burton Albion
54%
1970Cambridge United
54%
1960Peterborough United
54%
1999Cheltenham Town
53%
1950Colchester United
53%
2007Dagenham & Redbridge
53%
2010Stevenage
52%
1950Scunthorpe United
51%
2007Morecambe
47%
1978Wigan Athletic
47%
1993Wycombe Wanderers
47%
2008Aldershot Town
45%
1950Shrewsbury Town
44%
1972Hereford United
43%
1997Macclesfield Town
42%
2001Rushden & Diamonds
42%
2000Kidderminster Harriers
41%
1987Scarborough
36%
2002Boston United
33%
1989Maidstone United
33%
1951Workington
13%

Score Distribution

Percentile by Number Answered

Percent of People with Each Score

Your Score History

You have not taken this quiz since the last reset